States with the Highest Number of Annual Tornadoes - Statistics

General Stats
  • This quiz has been taken 35 times
  • The average score is 8 of 10
Answer Stats
Annual Tornadoes State % Correct
91 Kansas
93%
151 Texas
93%
68 Oklahoma
90%
50 Alabama
87%
52 Iowa
77%
50 Mississippi
77%
60 Florida
73%
55 Nebraska
73%
54 Illinois
70%
49 Colorado
50%
No matching quizzes found
Score Distribution
Percent of People with Each Score
Percentile by Number Answered
Your Score History
You have not taken this quiz